Mainland Countries With the Shortest Coastlines - Statistics

General Stats
  • This quiz has been taken 2,090 times
    97 since last reset
  • The average score is 17 of 22
Answer Stats
Coast Country % Correct
20 Bosnia and Herzegovina
95%
4 Monaco
94%
47 Slovenia
88%
314 Djibouti
84%
80 The Gambia
84%
37 D. R. Congo
81%
90 Lithuania
80%
121 Benin
78%
294 Montenegro
78%
56 Togo
78%
67 Belgium
77%
296 Equatorial Guinea
76%
225 Lebanon
75%
320 Guinea
72%
273 Israel
72%
58 Iraq
68%
169 Republic of the Congo
68%
307 El Salvador
67%
26 Jordan
66%
193 Syria
59%
310 Georgia
56%
225 Romania
53%
No matching quizzes found
Score Distribution
Percent of People with Each Score
Percentile by Number Answered
Your Score History
You have not taken this quiz since the last reset